Miasta nad morzem - Statystyki

Ogólne statystyki
  • Ten quiz został rozwiązany 53 razy
  • Średni wynik to 8 z 13
Answers on the Grid
Answers color-coded by a green-red scale on the quiz's grid according to % correct below.
Chałupki
Chałupy
Hel
Jarosławiec
Jastarnia
Jastrzębia Góra
Jastrzębie-Zdrój
Kołobrzeg
Łeba
Łebcz
Międzyzdrój
Międzyzdroje
Pobiedziska
Pobierowo
Reda
Rewa
Rewal
Rowy
Wejherowo
Władysławów
Władysławowo
Zgierz
 
Statystyki odpowiedzi
Odpowiedź % Poprawnych
Hel
90%
Łeba
87%
Jastarnia
81%
Kołobrzeg
74%
Chałupy
71%
Jastrzębia Góra
65%
Międzyzdroje
65%
Jarosławiec
45%
Władysławowo
45%
Pobierowo
42%
Rowy
35%
Rewal
32%
Rewa
29%
Nie znaleziono quizów pasujących do podanych kryteriów
Rozkład punktacji
Procent ludzi z każdym wynikiem
Percentyl według liczby udzielonych odpowiedzi
Twoja historia wyników
Nie rozwiązałeś tego quizu